| 000 | 01181nam a2200349 a 4500 | ||
|---|---|---|---|
| 001 | vtls000944680 | ||
| 003 | NLI | ||
| 005 | 20210627091948.0 | ||
| 008 | 111128s1958 mdu 000 1 eng | ||
| 039 | 9 |
_y201111281838 _zDatasoft |
|
| 040 | 0 |
_aNLI _beng _cRetro_DSC 1 _eAACR2 |
|
| 041 | 0 | _aeng | |
| 044 | _amdu | ||
| 082 | 0 | 4 | _a813.4 |
| 100 | 1 |
_aTwain, Mark, _d1835-1910 _9694804 |
|
| 245 | 1 | 4 |
_aThe adventures of Huckleberry Finn / _cMark Twain |
| 260 |
_aBaltimore : _bPenguin Books, _c1958 |
||
| 300 |
_a281 p. ; _c20 cm. |
||
| 650 | 0 |
_aFinn, Huckleberry (Fictitious character) _vJuvenile fiction _9892127 |
|
| 650 | 0 |
_aRunaway children _vJuvenile fiction _9892128 |
|
| 650 | 0 |
_aMale friendship _vJuvenile fiction _9892129 |
|
| 650 | 0 |
_aFugitive slaves _vJuvenile fiction _9892130 |
|
| 650 | 0 |
_aRace relations _vJuvenile fiction _9892131 |
|
| 650 | 0 |
_aBoys _vJuvenile fiction _9892132 |
|
| 651 | 0 |
_aMississippi River _vJuvenile fiction _9892133 |
|
| 651 | 0 |
_aMissouri _vJuvenile fiction _9892134 |
|
| 887 | _a | ||
| 901 |
_a1498 : _b13.01.1961 |
||
| 902 | _aChild Divn. 813.4 T 911 | ||
| 949 |
_AVIRTUAITEM _D10000 _X100 _6CHD000001498ENG |
||
| 942 |
_2ddc _cBKS |
||
| 999 |
_aVIRTUA40 _c768043 _d768043 |
||